00269nam a22000857a 4500008004100000082001600041245007500057260004300132300000800175230621b xxu||||| |||| 00| 0 eng d a328.54bLOK aBureau of Parliamentary Studies and trainingbParliamentary Privileges aNew DelhibLok Sabha Secretariatc2003 a34p